|
|
|
|
| LEADER |
02154cas a2200313 a 4500 |
| 001 |
AALejournalIMF017137 |
| 008 |
230101c9999 xx r poo 0 0eng d |
| 020 |
|
|
|c 5.00 USD
|
| 020 |
|
|
|z 9781475539462
|
| 022 |
|
|
|a 2522-7890
|
| 040 |
|
|
|a BD-DhAAL
|c BD-DhAAL
|
| 100 |
1 |
|
|a Blagrave, Patrick.
|
| 245 |
1 |
0 |
|a Spillover Implications of China's Slowdown for International Trade /
|c Patrick Blagrave, Esteban Vesperoni.
|
| 264 |
|
1 |
|a Washington, D.C. :
|b International Monetary Fund,
|c 2016.
|
| 300 |
|
|
|a 1 online resource (18 pages)
|
| 490 |
1 |
|
|a Spillover Notes
|
| 500 |
|
|
|a <strong>Off-Campus Access:</strong> No User ID or Password Required
|
| 500 |
|
|
|a <strong>On-Campus Access:</strong> No User ID or Password Required
|
| 506 |
|
|
|a Electronic access restricted to authorized BRAC University faculty, staff and students
|
| 520 |
3 |
|
|a Using a panel vector autoregression and a novel measure of export-intensity-adjusted final demand, this note studies spillovers from China's economic transition on export growth in 46 advanced and emerging market economies. The analysis suggests that a 1 percentage point shock to China's final demand growth reduces the average country's export growth by 0.1-0.2 percentage point. The impact is largest in Emerging Asia, where an export-growth-accounting exercise suggests that China's economic transition has reduced average export growth rates by 1 percentage point since early 2014. Other countries linked to China's manufacturing sector, as well as commodity exporters, are also significantly affected. This suggests that trading partners need to adjust to an environment of weaker external demand as China completes its transition to a more sustainable growth model.
|
| 538 |
|
|
|a Mode of access: Internet
|
| 650 |
|
7 |
|a China-Demand Shocks
|2 imf
|
| 650 |
|
7 |
|a Final Demand
|2 imf
|
| 650 |
|
7 |
|a Growth Shock
|2 imf
|
| 650 |
|
7 |
|a SN
|2 imf
|
| 651 |
|
7 |
|a China, People's Republic of
|2 imf
|
| 700 |
1 |
|
|a Vesperoni, Esteban.
|
| 830 |
|
0 |
|a Spillover Notes; Spillover Notes ;
|v No. 2016/004
|
| 856 |
4 |
0 |
|z Full text available on IMF
|u http://elibrary.imf.org/view/journals/062/2016/004/062.2016.issue-004-en.xml
|z IMF e-Library
|